000 00281nam a2200121Ia 4500
008 190216s9999||||xx |||||||||||||| ||und||
100 _aPrakasha Panithan
245 0 _aHindi-Urdu Ki Sresht Kahaniyam
260 _bPars Prakashan
300 _a122
650 _aHindi
942 _cBK
999 _c16186
_d16186